| 000 | 00399nam a2200145 i 4500 | ||
|---|---|---|---|
| 001 | bg | ||
| 100 | 1 | _aKORN, G. | |
| 245 | 0 |
_aSpravocnik po matematike dlja naucnych rabotnikov i inzenierov : _bOpredelenija, teoremy, formuly.. / _cG. Korn, T. Korn. |
|
| 260 |
_aMoskwa, _c1973. |
||
| 700 | 1 | _aKORN, T. | |
| 040 | _cBPK | ||
| 041 | _apol | ||
| 942 | _cKS | ||
| 008 | s pl f |000 0 pol | ||
| 999 |
_c15562 _d15562 |
||
| 856 |
_uhttp://koha.tu.koszalin.pl/cgi-bin/koha/opac-detail.pl?biblionumber=15562 _yKatalog online BPK |
||